000 00334nam a22001337a 4500
008 190205b xxu||||| |||| 00| 0 eng d
020 _a0918393647
041 _aeng
080 _a316
100 _a50
101 _aSOC
245 _aFoundations for a Feminist Restructuring of the Academic Disciplines
_cPaludi,M
942 _2udc
_cBK
999 _c54060
_d54060